00936pam a2200253 a 4500020001500000040000800015082002600023245006400049250001200113260005600125300003500181650001300216650001000229650002000239700002500259700002000284700002500304856006200329856005400391856006600445942000700511999001700518952014700535 a1559349786 cDLC00a305 MAY 1999 A079 Or.00aWomen :bimages and realities : a multicultural anthology / a2nd ed. aMountain View, Calif. :bMayfield Pub. Co.,cc1999. axiii, 578 p. :bill. ;c23 cm. 0aFeminism 0aWomen 0aWomen's studies1 aKesselman, Amy Vita,1 aMcNair, Lily D.1 aSchniedewind, Nancy,42uhttp://www.loc.gov/catdir/description/mh024/98039649.html41uhttp://www.loc.gov/catdir/toc/mh023/98039649.html42uhttp://www.loc.gov/catdir/enhancements/fy0737/98039649-b.html cEK c15660d15660 0010406305_000000000000000_MAY_1999_A079_OR70969253aLBAbLBAcA079d2017-12-05o305 MAY 1999 A079 Or.pA08949r2017-12-05w2017-12-05yEK